| 000 | 00843nam a2200229Ii 4500 | ||
|---|---|---|---|
| 003 | JO-AjNU | ||
| 008 | 230605s9999||||xx |||||||||||||| ||und|| | ||
| 017 | _a2002/20251 | ||
| 020 | _a977-18-0246-1 | ||
| 040 |
_aJO-AjNU _bara _erda _cJO-AjNU |
||
| 041 | _aara | ||
| 050 | 1 | 4 | _aPJ7700.K2.A17 2002 |
| 100 | 3 |
_aصنعه السكري، أبي سعيد بن الحسن بن الحسين بن عبيد الله, _eauthor _946054 |
|
| 245 | 0 | 0 | _aشرح ديوان كعب بن زهير |
| 250 | _aط3 | ||
| 264 | 3 | 1 | _aالقاهرة:دار الكتب والوثائق القومية،2002 |
| 300 |
_a289ص _bفهرس:ص(263-289) |
||
| 336 |
_atext _btxt _2rdacontent |
||
| 337 |
_aunmediated _bn _2rdamedia |
||
| 338 |
_avolume _bnc _2rdacarrier |
||
| 650 | 4 |
_aالشعر العربي - تاريخ ونقد - عصر صدر الإسلام _946055 |
|
| 999 |
_aA20008 _c23576 _d23576 |
||